|
|
|
|
| LEADER |
00000nab a2200000 a 4500 |
| 001 |
vtls000745035 |
| 003 |
SK-MaSNL |
| 005 |
20260304105227.0 |
| 008 |
250429c2000 xo 0 slo |
| 015 |
|
|
|a SNBRB2001/01-01380
|
| 035 |
|
|
|a CLN000096871
|
| 035 |
|
|
|a urn:nbn:sk:snk-ab1qtk
|
| 035 |
|
|
|a (urnnbn)urn:nbn:sk:snk:ar-005toi
|
| 035 |
|
|
|a (uuid)471b732a-9ac6-45d4-b379-912bdc89e4e7
|
| 040 |
|
|
|a SNKBUCL
|b slo
|c SNKBUCL
|e AACR2
|
| 041 |
0 |
|
|a slo
|
| 044 |
|
|
|a xo
|c SK
|
| 080 |
|
|
|a 01-051(437.6)
|2 1997
|
| 080 |
|
|
|a 929 Kovačka, Miloš
|2 1997
|
| 100 |
1 |
|
|a Maťovčík, Augustín,
|d 1937-
|4 aut
|9 98490
|
| 245 |
1 |
0 |
|a K jubileu bibliografa a literárneho historika Dr. Miloša Kovačku, CSc.
|c Augustín Maťovčík
|
| 600 |
1 |
7 |
|a Kovačka, Miloš,
|d 1940-2019
|2 snkbucl
|9 5107
|
| 655 |
|
7 |
|a profily
|2 snkbucl
|9 341977
|
| 655 |
|
7 |
|a články z novín a časopisov
|2 snkbucl
|9 267496
|
| 773 |
0 |
|
|t Knižnica
|g Roč. 1, č. 2 (2000), s. 126-127
|x 1335-7026
|
| 850 |
|
|
|a Slovenská národná knižnica
|
| 852 |
|
|
|a Slovenská národná knižnica
|
| 856 |
4 |
1 |
|u http://www.snk.sk/swift_data/source/NBU/Kniznica/2_2000/126.pdf
|
| 954 |
|
|
|a odborná, vedecká literatúra pôvodná (slovenská)
|2 lita
|
| 958 |
|
|
|a article2022
|
| 958 |
|
|
|a BX
|
| 958 |
|
|
|a KL
|
| 958 |
|
|
|a LX
|
| 958 |
|
|
|a OND
|
| 958 |
|
|
|a EUIPO
|
| 992 |
|
|
|a RBX
|
| 999 |
|
|
|c 2854849
|d 2856779
|